<?xml version="1.0" encoding="UTF-8"?>
<collection xmlns="http://www.loc.gov/MARC21/slim">
 <record>
  <leader>02160nam a2200253 a 4500</leader>
  <controlfield tag="001">1/44742</controlfield>
  <datafield tag="020" ind1=" " ind2=" ">
   <subfield code="a">9781555582807</subfield>
  </datafield>
  <datafield tag="020" ind1=" " ind2=" ">
   <subfield code="a">155558280X</subfield>
  </datafield>
  <datafield tag="035" ind1=" " ind2=" ">
   <subfield code="l">47696</subfield>
  </datafield>
  <datafield tag="040" ind1=" " ind2=" ">
   <subfield code="a">OPELS</subfield>
   <subfield code="b">eng</subfield>
   <subfield code="c">OPELS</subfield>
   <subfield code="d">DEBBG</subfield>
   <subfield code="d">OCLCQ</subfield>
   <subfield code="d">ZMC</subfield>
   <subfield code="d">OCLCQ</subfield>
   <subfield code="d">OCLCF</subfield>
   <subfield code="d">GR-PeUP</subfield>
  </datafield>
  <datafield tag="100" ind1="1" ind2=" ">
   <subfield code="a">Guruge, Anura.</subfield>
  </datafield>
  <datafield tag="245" ind1="1" ind2="0">
   <subfield code="a">Corporate portals empowered with XML and Web services</subfield>
   <subfield code="h">[electronic resource] /</subfield>
   <subfield code="c">Anura Gurugβe.</subfield>
  </datafield>
  <datafield tag="260" ind1=" " ind2=" ">
   <subfield code="a">Amsterdam ;</subfield>
   <subfield code="a">Boston :</subfield>
   <subfield code="b">Digital Press,</subfield>
   <subfield code="c">c2003.</subfield>
  </datafield>
  <datafield tag="300" ind1=" " ind2=" ">
   <subfield code="a">1 online resource (xx, 313 p.) :</subfield>
   <subfield code="b">ill.</subfield>
  </datafield>
  <datafield tag="520" ind1=" " ind2=" ">
   <subfield code="a">Following the humbling of the 'dot.coms' it is well implemented corporate portals that are ushering in a new and prosperous era of e-business. Corporate Portals Empowered with XML and Web Services provides decision makers with a clear and concise explanation of what portals are all about, why you really need a portal strategy, how you go about implementing one, and the issues you have to encounter and surmount. Guruge shows how you can successfully use XML and web services to empower your portals for collaboration, knowledge management, CRM, ERP and supply chain management. Extensive examples of corporate portals illustrate the viability of the technology Architectural and network diagrams show detailed portal implementations Comprehensive references to guides, solutions, products and terminology leverage living outside resources.</subfield>
  </datafield>
  <datafield tag="505" ind1="0" ind2="0">
   <subfield code="t">Corporate Portals: What?, Why? and When? --</subfield>
   <subfield code="t">Types of Portals --</subfield>
   <subfield code="t">Architectures &amp; Technologies --</subfield>
   <subfield code="t">Security, Scalability and Speed --</subfield>
   <subfield code="t">Managing and Monitoring Corporate Portals --</subfield>
   <subfield code="t">Knowledge Management --</subfield>
   <subfield code="t">Supply-Chain and Customer Relationship Management --</subfield>
   <subfield code="t">Web Services --</subfield>
   <subfield code="t">Living and Breathing Portals --</subfield>
   <subfield code="t">Glossary --</subfield>
   <subfield code="t">Acronyms --</subfield>
   <subfield code="t">Bibliography --</subfield>
   <subfield code="t">Index --</subfield>
   <subfield code="t">About the Author.</subfield>
  </datafield>
  <datafield tag="500" ind1=" " ind2=" ">
   <subfield code="a">&quot;Communications&quot;--Cover.</subfield>
  </datafield>
  <datafield tag="504" ind1=" " ind2=" ">
   <subfield code="a">Includes bibliographical references (p. 299) and index.</subfield>
  </datafield>
  <datafield tag="650" ind1=" " ind2="4">
   <subfield code="a">Intranets (Computer networks)</subfield>
  </datafield>
  <datafield tag="650" ind1=" " ind2="4">
   <subfield code="a">XML (Document markup language)</subfield>
  </datafield>
  <datafield tag="650" ind1=" " ind2="4">
   <subfield code="a">Electronic commerce.</subfield>
  </datafield>
  <datafield tag="655" ind1=" " ind2="4">
   <subfield code="a">Electronic books.</subfield>
  </datafield>
  <datafield tag="852" ind1=" " ind2=" ">
   <subfield code="a">INST</subfield>
   <subfield code="b">UNIPILB</subfield>
   <subfield code="c">EBOOKS</subfield>
   <subfield code="e">20140627</subfield>
   <subfield code="p">00b47696</subfield>
   <subfield code="q">00b47696</subfield>
   <subfield code="t">ONLINE</subfield>
   <subfield code="y">0</subfield>
  </datafield>
  <datafield tag="856" ind1="4" ind2="0">
   <subfield code="3">ScienceDirect</subfield>
   <subfield code="u">http://www.sciencedirect.com/science/book/9781555582807</subfield>
  </datafield>
 </record>
</collection>
